Normal view MARC view

Entry Nombre personal

Number of records used in: 13

001 - NÚMERO DE CONTROL

  • campo de control: 101554

003 - IDENTIFICADOR DE NÚMERO DE CONTROL

  • campo de control: OSt

005 - FECHA Y HORA DE LA ÚLTIMA TRANSACCIÓN

  • campo de control: 20251012203231.0

008 - ELEMENTOS DE DATO DE LONGITUD-FIJA

  • campo de control de longitud fija: 030512 n acnnnaaan n ann d

040 ## - FUENTE DE CATALOGACIÓN

  • Centro catalogador/agencia de origen: OSt
  • Centro/agencia transcriptor: OSt

100 00 - ENCABEZAMIENTO-NOMBRE DE PERSONA

  • Nombre de persona: Saint-Simon, Henri,
  • Títulos y otros términos asociados al nombre: comte de

400 00 - TRAZADO DE VÉASE--NOMBRE DE PERSONA

  • Nombre de persona: De Rouvroy, Claude-Henri
  • Títulos y otros términos asociados al nombre: comte de Saint-Simon

400 00 - TRAZADO DE VÉASE--NOMBRE DE PERSONA

  • Nombre de persona: Rouvroy, Claude-Henri de
  • Títulos y otros términos asociados al nombre: comte de Saint-Simon

400 00 - TRAZADO DE VÉASE--NOMBRE DE PERSONA

  • Nombre de persona: Saint-Simon, C.-H.

400 00 - TRAZADO DE VÉASE--NOMBRE DE PERSONA

  • Nombre de persona: Saint-Simon, Claude-Henri
  • Títulos y otros términos asociados al nombre: comte de

400 00 - TRAZADO DE VÉASE--NOMBRE DE PERSONA

  • Nombre de persona: Saint-Simon, Claude-Henri de Rouvroy
  • Títulos y otros términos asociados al nombre: comte de

400 04 - TRAZADO DE VÉASE--NOMBRE DE PERSONA

  • Nombre de persona: Saint-Simon, Claude Henri de Rouvroy
  • Títulos y otros términos asociados al nombre: Conde de

400 00 - TRAZADO DE VÉASE--NOMBRE DE PERSONA

  • Nombre de persona: Saint-Simon, Henri
  • Títulos y otros términos asociados al nombre: Comte de